Statistics for Super Mario Chess

Click here to take the quiz!

General Stats

  • This quiz has been taken 309 times
    (139 since last reset)
  • The average score is 9 of 13

Answer Stats

Hint Answer % Correct
KingMario
98%
BishopPeach
96%
QueenLuigi
95%
Bowser
93%
RookToad
90%
Daisy
83%
KnightYoshi
77%
Goomba
77%
Bowser Jr.
64%
Birdo
47%
PawnCoin
39%
Magikoopa
32%
Green Shell
20%

Score Distribution

Percentile by Number Answered

Percent of People with Each Score

Your Score History

You have not taken this quiz since the last reset